000 00676nam a2200277Ia 4500
005 20260324135937.0
008 008 260324s9999 xx 000 0 eng d
020 _a9780429246692
037 _aEBOOK
040 _aCRL
040 _beng
040 _cCRL
041 _2eng
041 _aeng
084 _qCRL
100 _aThomas A. Barber
_91202525
245 0 _aControl of Particulate Matter Contamination in Healthcare Manufacturing
260 _bTaylor and Francis
260 _c1999
365 _a
365 _b840
856 _uhttp://www.taylorfrancis.com/books/9780429246692
942 _cEBOOK
999 _c1804089
_d1804089